00934 2200193 4500001002100000005001500021035002000036245004600056100001600102250003100118300003100149260003300180082001000213084001600223020002200239650001400261520042700275500003800702INLIS00000000000054820240820081808 a0010-08240000661 aKehidupan Masyarakat Bajau /cT. Bachtiar0 aT. Bachtiar aCetakan ke-1, Edisi Revisi av, 55 hlm :bIlus ;c21 cm aJakarta :bAzka Press,c2006 a745.5 a745.5 T. k a978-979-744-472-4 4aKerajinan aBuku ini mengisahkan masyarakat bajau. Masyarakat bajau sangat menggantungkan kehidupannya pada laut. Sejak ratusan tahun yang lalu, mereka tinggal di laut, di perkampungan terapung. Mereka hidup di lautan bebas, tanpa dinding penyekat. Laut, terumbu karang, hutan mangrove merupakan lahan mata pencaharian mereka. Mereka sangat arif dalam mengambil kekayaan pantai. Mereka sadar demi keberlangsungan generasi penerusnya. aSeri Keterampilan Flora dan Fauna